000 00313nam a2200121Ia 4500
008 220204s9999 xx 000 0 und d
082 _a941
_bECK
100 _aEckles, Robert B
245 0 _aBritain her problems and the commonwealth
260 _aBombay
_bAllied
_c1954
700 _aHale, Richard W
942 _cBK
999 _c20934
_d20934